=LDR 00000nam 2200000 4500 =001 INLIS000000000048617 =005 20200205041922 =035 ##$$a 0010-121600000000003 =008 200205################g##########0#ind## =020 ##$$a 978-602-02-638-23 =040 ##$$a NBPDMAT =082 ##$$a 004 =090 ##$$a 004$bJub m =100 ##$$a Jubilee Enterprise =245 1#$$a Membuat vidio tutorial menggunakan cambasia /$c Jubilee Enterprise =260 ##$$a Jakarta :$b Elex Media Komputindo,$c 2015 =300 ##$$a vi, 234 hlm. : $b ilus. ; $c 21 x 14 cm =500 ##$$a Biografi : hlm. 233 - 234 =650 #4$$a Komputer - Vidio =850 ##$$a NBPDMAT =084 ##$$a 004 JUB m =990 ##$$a 21602141 =990 ##$$a 21602142 =990 ##$$a 21602142 =990 ##$$a 21602141